000 01056cam a2200217 4500
001 WB3916-08
008 030501n2003 000 0 eng u
035 _a(Sirsi) u122158
245 _aLatest Housing Trends Published
260 _c2003
490 _aScottish Executive News Release
_v 29 April 2003, (2)
520 _aHousing Trends in Scotland: Quarter Ending 31 December 2002 is published. This includes information on public sector house sales, new house building and local authority lettings and evictions. Shows that 5 157 applications were made by sitting tenants to buy public authority dwellings during the quarter October-December 2002 and 5 664 new dwellings were started during October-December 2002. For the Scottish Executive Press Release: http://www.scotland.gov.uk/pages/news/2003/04/SEsj261.aspx
590 _aWB
650 _aHOUSING TRENDS
650 _aPUBLIC AUTHORITY DWELLINGS
650 _aSITTING TENANTS
650 _aNEW HOUSES
650 _aLOCAL AUTHORITIES
690 _aAffordable housing
_96215
942 _n0
999 _c72600
_d72600